000 00932nam a22002657a 4500
003 DO-SdBNP
005 20250606140024.0
007 ta
008 210312b 2020 dr a 00| 0 eng d
020 _a9789945220551
040 _aDO-SdBNP
_bspa
_cBNPHU
_erda
082 4 _a158.1
_bG633c
_222
100 1 _aGómez, José Miguel,
_d1959-
_9800
245 1 0 _aClaves para vencer adversidades :
_bresiliencia y fortaleza emocional. La experiencia de un psicoterapeuta /
_cJosé Miguel Gómez.
260 _aSanto Domingo :
_bBúho,
_c2020.
300 _a169 p. :
_bil. ;
_c23 cm.
500 _aIncluye datos del autor en la solapa de la cubierta.
504 _aBibliografía : p. 167-169
590 _aInventariado, 2021 /LP
650 0 _aAutorrealización (Psicología)
_9211
650 4 _aTécnicas de autoayuda
_9387
650 4 _aSuperación personal
_910825
910 _aValidado. Control de calidad MFF
942 _2ddc
_cLBS1
999 _c49554
_d49554